00301nam a2200121 450000500170000010000160001724500410003326400180007430000170009233600220010933700240013133800240015520260530113855.01 aJohn Lewis 10aPrincipios básicos de tipografía 1bTrillasc1984 a95 páginas atexto2rdacontent asin medio2rdamedia avolumen2rdacarrier